LEADER 00783nam2-22003011i-450- 001 990000899230403321 005 20001010 035 $a000089923 035 $aFED01000089923 035 $a(Aleph)000089923FED01 035 $a000089923 100 $a20001010d--------km-y0itay50------ba 101 0 $aita 105 $ay-------001yy 200 1 $aVol.12 210 $aAmsterdam$cElsevier Scient. P. Company$d1975 215 $ap.280$cill.$dcm 24 461 0$1001000087880$12001$aFoundations on Expansive Soil 610 0 $aFondazione 700 1$aChen,$bFu Hva$0345000 801 0$aIT$bUNINA$gRICA$2UNIMARC 901 $aBK 912 $a990000899230403321 952 $a000089923000001$fIINTC 959 $aIINTC 996 $aVol.12$9357666 997 $aUNINA DB $aING01 LEADER 01051nam--2200337---450 001 990000312520203316 005 20210209121026.0 035 $a0031252 035 $aUSA010031252 035 $a(ALEPH)000031252USA01 035 $a0031252 100 $a20001212d1978----km-y0itay0103----ba 101 0 $aita 102 $ait 105 $a||||||||001yy 200 1 $aAlla conquista dello stato$eantologia della stampa fascista dal 1919 al 1925$fa cura di Stenio Solinas 210 $aRoma$cG. Volpe$d1978 215 $a599 p.$d24 cm 225 2 $aStoria e documenti del fascismo$v8 410 0$12001$aStoria e documenti del fascismo$v8 606 $aStampa nazionalista$xAntologie$yItalia$z1919-1925 606 $aFascismo$xStoria$xFonti giornalistiche$z1919-1925 676 $a945.91 702 1$aSOLINAS,$bStenio 801 0$aIT$bsalbc$gISBD 912 $a990000312520203316 951 $aX.3.A. 77(III A 994)$b144823 L.M.$cIII A$d00004333 959 $aBK 969 $aUMA 996 $aAlla conquista dello stato$9879454 997 $aUNISA